An investigation on the frequency of use of idioms and proverbs based on 220 pages of written English language /

Tallennettuna:
Bibliografiset tiedot
Päätekijä: Hoàng Thị Bảo Kim
Aineistotyyppi: Tuntematon
Kieli:English
Julkaistu: 1997.
Aiheet:
Tagit: Lisää tagi
Ei tageja, Lisää ensimmäinen tagi!
Thư viện lưu trữ: Mạng thư viện Đại học Đà Nẵng
LEADER 01222na a2200325 4500
001 000031952
003 7740
005 20230225163531.0
008 151001s1997 000 eng
040 |a lnLNN 
041 |a eng 
082 |a 420.4  |b HO-K 
100 |a Hoàng Thị Bảo Kim 
245 3 |a An investigation on the frequency of use of idioms and proverbs based on 220 pages of written English language /  |c Hoàng Thị Bảo Kim. 
260 |c 1997. 
300 |a 54tr. : mh ; 30cm. 
650 |a An investigation on the frequency of use of idioms and proverbs based on 220 pages of written English language, 1997, 54tr 
852 |c Luận văn sinh viên 
OWN |a LNN 
AVA |a UDN50  |b LNN  |c English  |d 420.4 HO-K  |e available  |t Error 5001 Not defined in file expand_doc_bib_avail.  |f 1  |g 0  |h N  |i 0  |j AN  |k 1 
999 |a From the UDN01 
AVA |a UDN50  |b LNN  |c English  |d 420.4 HO-K  |e available  |t Error 5001 Not defined in file expand_doc_bib_avail.  |f 1  |g 0  |h N  |i 0  |j AN  |k 1 
TYP |a Printed language 
980 |a Mạng thư viện Đại học Đà Nẵng